00600nam a2200157 a 450000100080000000500110000800800410001910000270006024501150008726001340020265300220033670000230035870000160038170000270039770000180042418761662011-02-08 2010 bl uuuu u00u1 u #d1 aMARSARO JÚNIOR, A. L. aHost plant range of the citrus Hindu Mite. schizotetranychus hindustanicus (Hirst) (tetranychidae), in Brazil. aIn: INTERNATIONAL CONGRESS OF ACAROLOGY, 13., 2010, Recife. Abstracts book... Recife: CNPq: FACEPE: Banco do Nordeste: TWASc2010 aCitrus Hindu Mite1 aFERREIRA, D. N. M.1 aSATO, M. E.1 aSILVA JUNIOR, R. J. da1 aDUARTE, O. R.